Catálogo público

Proyecciones de la población económicamente activa, de la matrícula educativa, de los hogares y las viviendas y de la población por tamaño de la localidad (Record no. 87420)

MARC details
000 -CABECERA
campo de control de longitud fija 01641cam a22004457a 4500
003 - IDENTIFICADOR DEL NÚMERO DE CONTROL
campo de control CHAP
005 - FECHA Y HORA DE LA ÚLTIMA TRANSACCIÓN
campo de control 20220817043910.0
008 - DATOS DE LONGITUD FIJA--INFORMACIÓN GENERAL
campo de control de longitud fija 030623d2000 mx d rs 00110 spa d
010 ## - NÚMERO DE CONTROL DE LA BIBLIOTECA DEL CONGRESO
Número de control de LC 87420
011 ## - ENLACE DEL NUMERO DE CONTROL DE LA BIBLIOTECA DEL CONGRESO [OBSOLETO]
Número de control de LC 88392
020 ## - NÚMERO INTERNACIONAL ESTÁNDAR DEL LIBRO
Número Internacional Estándar del Libro 9706284818
035 ## - NÚMERO DE CONTROL DEL SISTEMA
Número de control de sistema 98937
040 ## - FUENTE DE LA CATALOGACIÓN
Centro/agencia transcriptor CHAP
090 ## - LOCALMENTE ASIGNADO TIPO-LC NÚMERO DE CLASIFICACIÓN (OCLC); NÚMERO DE CLASIFICACIÓN LOCAL (RLIN)
Número de clasificación (OCLC) (R) ; Numero de clasificación, CALL (RLIN) (NR) Folleto 16626
100 00 - ENTRADA PRINCIPAL--NOMBRE DE PERSONA
Nombre de persona Partida Bush, Virgilio.
9 (RLIN) 85802
245 10 - MENCIÓN DE TÍTULO
Título Proyecciones de la población económicamente activa, de la matrícula educativa, de los hogares y las viviendas y de la población por tamaño de la localidad
Mención de responsabilidad, etc. /por Virgilio Partida Bush
260 ## - PUBLICACIÓN, DISTRIBUCIÓN, ETC.
Lugar de publicación, distribución, etc. México, D. F. :
Nombre del editor, distribuidor, etc. Consejo Nacional de Población,
Fecha de publicación, distribución, etc. 2000
300 ## - DESCRIPCIÓN FÍSICA
Extensión 86 p. :
Otras características físicas gráfs. ; cuadros ; + 1 disquette de 3 1/2 ''
410 21 - MENCIÓN DE SERIE/PUNTO DE ACCESO ADICIONAL--ENTIDAD CORPORATIVA [OBSOLETO, CAN/MARC], [LOCAL, USA]
Nombre de entidad corporativa o nombre de jurisdicción como elemento de entrada CONAPO
490 #0 - MENCIÓN DE SERIE
Mención de serie Serie: escenarios prospectivos
590 ## - NOTA LOCAL (RLIN)
Nota local BATCH-UPD
Procedencia (VM) [OBSOLETO] 10
Condición del los carretes individuales (VM) [OBSOLETO] 20130110
-- UCH01
-- 0535
590 ## - NOTA LOCAL (RLIN)
Nota local BATCH-UPD
Procedencia (VM) [OBSOLETO] 10
Condición del los carretes individuales (VM) [OBSOLETO] 20130110
-- UCH01
-- 2328
590 ## - NOTA LOCAL (RLIN)
Nota local BATCH-UPD
Procedencia (VM) [OBSOLETO] 10
Condición del los carretes individuales (VM) [OBSOLETO] 20130410
-- UCH01
-- 0215
590 ## - NOTA LOCAL (RLIN)
Nota local BATCH-UPD
Procedencia (VM) [OBSOLETO] 10
Condición del los carretes individuales (VM) [OBSOLETO] 20130410
-- UCH01
-- 1618
590 ## - NOTA LOCAL (RLIN)
Nota local BATCH-UPD
Procedencia (VM) [OBSOLETO] 10
Condición del los carretes individuales (VM) [OBSOLETO] 20130914
-- UCH01
-- 1025
590 ## - NOTA LOCAL (RLIN)
Nota local CONVERSION
Procedencia (VM) [OBSOLETO] 10
Condición del los carretes individuales (VM) [OBSOLETO] 20130109
-- UCH01
-- 1348
650 14 - PUNTO DE ACCESO ADICIONAL DE MATERIA--TÉRMINO DE MATERIA
Término de materia o nombre geográfico como elemento de entrada Educación activa.
9 (RLIN) 35490
650 14 - PUNTO DE ACCESO ADICIONAL DE MATERIA--TÉRMINO DE MATERIA
Término de materia o nombre geográfico como elemento de entrada Familia
Subdivisión general México.
9 (RLIN) 39408
650 14 - PUNTO DE ACCESO ADICIONAL DE MATERIA--TÉRMINO DE MATERIA
Término de materia o nombre geográfico como elemento de entrada México
Subdivisión general Condiciones económicas.
650 14 - PUNTO DE ACCESO ADICIONAL DE MATERIA--TÉRMINO DE MATERIA
Término de materia o nombre geográfico como elemento de entrada México
Subdivisión general Condiciones sociales.
9 (RLIN) 76730
650 14 - PUNTO DE ACCESO ADICIONAL DE MATERIA--TÉRMINO DE MATERIA
Término de materia o nombre geográfico como elemento de entrada Población
Subdivisión general México.
9 (RLIN) 89408
650 14 - PUNTO DE ACCESO ADICIONAL DE MATERIA--TÉRMINO DE MATERIA
Término de materia o nombre geográfico como elemento de entrada Vivienda
Subdivisión geográfica México.
9 (RLIN) 120153
810 00 - PUNTO DE ACCESO ADICIONAL DE SERIE--NOMBRE DE ENTIDAD CORPORATIVA
Nombre de entidad corporativa o nombre de jurisdicción como elemento de entrada CONAPO
9 (RLIN) 26278
830 00 - PUNTO DE ACCESO ADICIONAL DE SERIE-TÍTULO UNIFORME
Título uniforme Serie: escenarios prospectivos
9 (RLIN) 105097
901 ## - ELEMENTOS DE DATOS A LOCAL LDA (RLIN)
a BK
905 ## - ELEMENTOS DE DATOS E LOCAL, LDE (RLIN)
a Marco A. Medoza T.
942 ## - ELEMENTOS DE PUNTO DE ACCESO ADICIONAL (KOHA)
Tipo de ítem Koha CD
949 ## - PROCESAMIENTO DE INFORMACIÓN LOCAL (OCLC)
a CD
b BC
c CD
d 33724002035710
e CD
i 98937
s b
949 ## - PROCESAMIENTO DE INFORMACIÓN LOCAL (OCLC)
a Folleto 16626
b BC
c FOLL
d 33724002001149
e TS1
i 98937
s b
Holdings
Estado de retiro Estado de pérdida Estado dañado Restricciones de uso No para préstamo Código de colección Localización permanente Ubicación/localización actual Fecha de adquisición Información codificada de la localización en otra ubicación Total de préstamos Signatura topográfica completa Código de barras Fecha visto por última vez Precio válido a partir de Tipo de ítem Koha Nota pública Fuente del sistema de clasificación o colocación Ubicación en estantería
      Préstamo interno2 Excluido de préstamo Material multimedia Biblioteca Central Biblioteca Central 17/12/2012 CD   CD 33724002035710 31/12/2019 31/12/2019 CD Recien adquirido    
      Préstamo interno   Folletos Biblioteca Central Biblioteca Central 17/12/2012 FOLL   Folleto 16626 33724002001149 31/12/2019 17/12/2012 Folleto   Clasificación Universidad Autónoma de Chapingo Planta alta - Área de Tesis - Folletos